| 000 | 00582nam a2200205 i 4500 | ||
|---|---|---|---|
| 001 | 29726 | ||
| 003 | ES-MaACL | ||
| 005 | 20231224062912.0 | ||
| 007 | t| | ||
| 008 | 030122s1926 sp |||| | spa d | ||
| 080 | _a821.134.2-31"19" | ||
| 100 | 1 |
_aBaroja, Pío, _d1872-1956 _925752 |
|
| 245 | 1 | 4 |
_aLas veleidades de la fortuna _b: novela / _cPío Baroja. |
| 260 |
_aMadrid : _bCaro Raggio, _c1926. |
||
| 300 |
_a299 p. ; _c18 cm. |
||
| 490 | 1 | _aAgonías de nuestro tiempo | |
| 830 | 0 |
_aAgonías de nuestro tiempo _9181270 |
|
| 852 |
_aES-MaACL _jB-6048 |
||
| 999 |
_c29726 _d29726 |
||